Biggest Cities by Most Spoken Languages with a Map #2 - Statistics

General Stats
  • This quiz has been taken 31 times
  • The average score is 40 of 60
Answers on the Map
Answers color-coded by a green-red scale on the quiz's map according to % correct below.
 
Answer Stats
City/Language Population % Correct
Ankara 5.800.000
96%
İstanbul 15.600.000
96%
İzmir 4.500.000
96%
Paris 11.500.000
96%
Seoul 25.200.000
96%
Antalya 2.700.000
92%
Berlin 3.650.000
92%
Brussels 2.800.000
92%
Busan 3.975.000
92%
Hamburg 1.850.000
92%
Hanoi 7.350.000
92%
Ho Chi Minh City 14.300.000
92%
Kuala Lumpur 9.550.000
92%
Milan 6.150.000
92%
Mumbai 27.600.000
92%
Munich 1.500.000
92%
Palermo 850.000
92%
Rome 3.425.000
92%
Vienna 2.375.000
92%
Chennai 12.900.000
88%
Colombo 4.975.000
88%
Hyderabad 11.700.000
88%
Lyon 2.050.000
88%
Montreal 4.500.000
88%
Naples 4.050.000
88%
Pyongyang 3,025.000
88%
Turin 1.590.000
88%
Zurich 1.520.000
83%
Pune 8.000.000
79%
Bursa 3.200.000
75%
Daegu 2.725.000
71%
Da Nang 1.500.000
71%
French 80.000.000
71%
German 95.000.000
71%
Italian 65.000.000
71%
Vietnamese 86.000.000
71%
Korean 80.000.000
67%
Malay/Indonesian 82.000.000
67%
Marseille 1.710.000
67%
Turkish 85.000.000
67%
Tamil 80.000.000
63%
Marathi 85.000.000
54%
Medan 4.250.000
50%
Nagpur 3.575.00
46%
Telugu 85.000.000
46%
Hai Phong 1.450.000
42%
Gwangju 1.630.000
38%
Coimbatore 3.075.000
33%
Madurai 1.970.000
25%
Palembang 1.790.000
25%
Nashik 2.425.000
21%
Visakhapatnam 2.475.000
21%
Aurangabad 2.075.000
17%
Bien Hoa 1.275.000
17%
Vijayawada 2.350.000
17%
Guntur 1.000.000
13%
Pekanbaru 1.100.000
13%
Warangal 1.100.000
13%
Pontianak 675.000
8%
Tiruchirappalli 1.320.000
4%
No matching quizzes found
Score Distribution
Percent of People with Each Score
Percentile by Number Answered
Your Score History
You have not taken this quiz